Gaming Quiz

Random Gaming or Clickable Quiz

Você sabe tudo sobre a HBA? (Made by FlavioJuliano) Quiz Stats

 Plays Quiz not verified by Sporcle

Support Sporcle.
Go Orange.
Score 0/15 Timer 05:00
0 Plays Today
% Correct
2013
100%
BS.TUGA-BAN
80%
2018
80%
pinguimfrito!
80%
33
80%
Murceguinhu
73.3%
diogoiswwe
66.7%
Mike.Barton
60%
% Correct
Ckr7.
60%
Los Angeles Clippers
53.3%
Keome
53.3%
lFanatic.9
46.7%
Houston Rockets
46.7%
Invictous
40%
Pedro
40%

You're not logged in!

Compare scores with friends on all Sporcle quizzes.
OR
Log In

From the Vault

Classic TV Show by Trading Card Wrapper

by hatefulmissy

We'll trade you our Gilligan for your Skipper.
Remove Ads.
Support Sporcle.
Get the best of Sporcle when you Go Orange. This ad-free experience offers more features, more stats, and more fun while also helping to support Sporcle. Thank you for becoming a member.

Show Comments

Extras

Created Feb 20, 2020ReportNominate
Tags:Clickable Quiz, Sabe, Você

Top Quizzes Today


Score Distribution

Your Account Isn't Verified!

In order to create a playlist on Sporcle, you need to verify the email address you used during registration. Go to your Sporcle Settings to finish the process.

Report this User

Report this user for behavior that violates our Community Guidelines.

Details: